Effects of sports sponsorship on performance of Kenyan firms involved in sports / (Record no. 1808)
[ view plain ]
| 000 -LEADER | |
|---|---|
| fixed length control field | 00688nam a22002052 4500 |
| 001 - CONTROL NUMBER | |
| control field | 0000025318 |
| 005 - DATE AND TIME OF LATEST TRANSACTION | |
| control field | 20151021153304.0 |
| 008 - FIXED-LENGTH DATA ELEMENTS--GENERAL INFORMATION | |
| fixed length control field | 150618s xx 000 0 eng d |
| 040 ## - CATALOGING SOURCE | |
| Original cataloging agency | KABU |
| Transcribing agency | KABU |
| 100 1# - MAIN ENTRY--PERSONAL NAME | |
| Personal name | Makungu, Lyndah. |
| -- | 0000185904 |
| 245 10 - TITLE STATEMENT | |
| Title | Effects of sports sponsorship on performance of Kenyan firms involved in sports / |
| Statement of responsibility, etc. | by Liyndah Makungu. |
| 260 ## - PUBLICATION, DISTRIBUTION, ETC. (IMPRINT) | |
| Place of publication, distribution, etc. | Nakuru : |
| Name of publisher, distributor, etc. | Kabarak university, |
| Date of publication, distribution, etc. | 2014. |
| 300 ## - PHYSICAL DESCRIPTION | |
| Extent | xi, 76 p. |
| 650 #0 - SUBJECT ADDED ENTRY--TOPICAL TERM | |
| Topical term or geographic name as entry element | Sports sponsorship. |
| -- | 0000185905 |
| 650 #0 - SUBJECT ADDED ENTRY--TOPICAL TERM | |
| Topical term or geographic name as entry element | Sports |
| General subdivision | Marketing. |
| -- | 0000178574 |
| 700 1# - ADDED ENTRY--PERSONAL NAME | |
| Personal name | Njehia, Bernard. |
| -- | 0000185906 |
| 908 ## - PUT COMMAND PARAMETER (RLIN) | |
| Put command parameter | 150618 |
| 950 ## - LOCAL HOLDINGS (RLIN) | |
| -- | 1 |
| Withdrawn status | Lost status | Source of classification or shelving scheme | Not for loan | Home library | Current library | Date acquired | Total Checkouts | Full call number | Barcode | Date last seen | Price effective from | Koha item type |
|---|---|---|---|---|---|---|---|---|---|---|---|---|
| Library of Congress Classification | Kabarak, Main Campus | Kabarak, Main Campus | 21/10/2015 | GV716 .M35 2014 c. 2 | 018039 | 21/10/2015 | 21/10/2015 | Thesis, Dissertation and Projecs |